| 000 | 00530cam a22001811 4500 | ||
|---|---|---|---|
| 001 | 45457 | ||
| 090 | _a45457 | ||
| 100 | _a19931213d1943 km y0pory5003 ba | ||
| 101 | 0 | _apor | |
| 102 | _aPT | ||
| 200 | 1 |
_aA arte de Navegar _fJaime do Inso |
|
| 210 | 9 |
_aLisboa _cEdições Cosmos, _dimp. 1943 |
|
| 215 |
_a197, [24 ] p. _cil. _d20 cm |
||
| 225 | 2 |
_aBiblioteca Cosmos _v48-49. _h1.ª Seccão, _iCiências e Técnicas. Matemática e Cosmologia _v21-22 |
|
| 675 | _a528 | ||
| 700 | 1 |
_aInso, _bJaime do, _f1880-1967 |
|
| 801 | 0 |
_aPT _bBN _gRPC |
|
| 990 | _cLIVROS | ||